Май 1944 г. [Репертуар (Запись № 3076)
[ простой вид ]
| 000 -МАРКЕР | |
|---|---|
| контрольное поле | 03443nam0a2200469 4500 |
| 001 - ИДЕНТИФИКАТОР ЗАПИСИ | |
| контрольное поле | RU\NLR\BIBL_A\011990329 |
| 005 - ИДЕНТИФИКАТОР ВЕРСИИ | |
| контрольное поле | 20250809113133.0 |
| 020 ## - НОМЕР ДОКУМЕНТА В НАЦИОНАЛЬНОЙ БИБЛИОГРАФИИ | |
| Код страны | российская федерация |
| Основное заглавие издания Российской книжной палаты | Ленинград в Великой Отечественной войне. Коллекция. Афиши |
| 035 ## - ДРУГИЕ СИСТЕМНЫЕ НОМЕРА | |
| Идентификатор записи | (NLR Aleph) 011990329 |
| 100 ## - ДАННЫЕ ОБЩЕЙ ОБРАБОТКИ | |
| Данные общей обработки | 20190416d1944 u y0rusy50 ca |
| 101 0# - ЯЗЫК РЕСУРСА | |
| Язык текста, звукозаписи и т.д. | русский |
| 102 ## - СТРАНА ПУБЛИКАЦИИ ИЛИ ПРОИЗВОДСТВА | |
| Страна публикации | российская федерация |
| 105 ## - ПОЛЕ КОДИРОВАННЫХ ДАННЫХ: ТЕКСТОВЫЕ МАТЕРИАЛЫ, МОНОГРАФИЧЕСКИЕ | |
| Кодированные данные о монографическом текстовом документе | y z 000zy |
| 135 ## - ПОЛЕ КОДИРОВАННЫХ ДАННЫХ: ЭЛЕКТРОННЫЕ РЕСУРСЫ | |
| Кодированные данные для электронного ресурса | crcn 024anaba |
| 200 1# - ЗАГЛАВИЕ И СВЕДЕНИЯ ОБ ОТВЕТСТВЕННОСТИ | |
| Основное заглавие | Май 1944 г. [Репертуар |
| Сведения, относящиеся к заглавию | афиша] |
| Первые сведения об ответственности | Управление по делам искусств Исполкома Ленгорсовета, Зал камерных концертов |
| 210 ## - ПУБЛИКАЦИЯ, РАСПРОСТРАНЕНИЕ И ДР. | |
| Место издания, распространения и т.д. | [Ленинград] |
| Имя издателя, распространителя и т. д. | ЛТ УН-9 |
| Дата издания, распространения и т.д. | 1944 |
| 215 ## - ФИЗИЧЕСКАЯ ХАРАКТЕРИСТИКА | |
| Специфическое обозначение материала и объем | 1 л. |
| Размеры | 52х40 |
| 300 ## - ОБЩИЕ ПРИМЕЧАНИЯ | |
| Текст примечания | Начало спектаклей и концертов в 19 ч. Билеты продаются ежедневно в кассе зала от 11 до 19 час. |
| 300 ## - ОБЩИЕ ПРИМЕЧАНИЯ | |
| Текст примечания | Зак. 1131 |
| 325 ## - ПРИМЕЧАНИЕ О КОПИИ | |
| Текст примечания | Копия доступна в Электрон. б-ке РНБ |
| 327 ## - ПРИМЕЧАНИЯ О СОДЕРЖАНИИ | |
| Текст примечания | 9, вторник. Анна Каренина: композиция по роману Льва Толстого в 3-х действ., 10 картинах Н. М. Железновой. Постановка засл. арт. РСФСР Е. П. Студенцова. В главных ролях: Н. М. Железнова, Г. К. Кузнецов, И. П. Новский. Участвуют: Е. Г. Гаршина, В. Королев, А. С. Пикар и А. А. Толубеева. Художник - Р. И. Гуров. Ведущий - В. И. Колотушкин. Свет - С. И. Ачкасова. Чтец от автора - И. Н. Дымковская. Музыка Бетховена и Чайковского - исп. О. А. Норейко. 10, среда. Анна Каренина. 11, четверг. Концерт. В программе - произведения С. В. Рахманинова. Участвуют: В. Л. Легков (засл. арт. РСФСР), проф. М. А. Бихтер (засл. деят. искусств), А. А. Люблинский [и др.]. 12, пятница. Анна Каренина |
| 606 1# - НАИМЕНОВАНИЕ ТЕМЫ КАК ПРЕДМЕТ | |
| Наименование темы | Театральная жизнь |
| Географический подзаголовок | Ленинград, город |
| Хронологический подзаголовок | 1941 - 1944 |
| Формальный подзаголовок | Афиши |
| Код системы | nlr_sh2 |
| Идентификатор авторитетной/нормативной записи | RU\NLR\AUTH\6601649837 |
| 686 ## - ИНДЕКСЫ ДРУГИХ КЛАССИФИКАЦИЙ | |
| Индекс | Щ333(2Р=Рус)7-692Ленинград |
| 710 02 - НАИМЕНОВАНИЕ ОРГАНИЗАЦИИ - ПЕРВИЧНАЯ ОТВЕТСТВЕННОСТЬ | |
| Начальный элемент ввода | Зал камерных концертов |
| Идентифицирующий признак | Ленинград |
| Идентификатор авторитетной/нормативной записи | RU\NLR\AUTH\880495405 |
| 852 ## - МЕСТОНАХОЖДЕНИЕ И ШИФР ХРАНЕНИЯ | |
| Идентификатор организации | NLR |
| Шифр хранения (Call Number) | Л3-330а/12/2/1944-май а(1) |
| 856 #0 - МЕСТОНАХОЖДЕНИЕ ЭЛЕКТРОННЫХ РЕСУРОВ И ДОСТУП К НИМ | |
| Универсальный идентификатор ресурса (Uniform Resource Identifier) | http://vivaldi.nlr.ru/la700000397/view |
| 856 #1 - МЕСТОНАХОЖДЕНИЕ ЭЛЕКТРОННЫХ РЕСУРОВ И ДОСТУП К НИМ | |
| Универсальный идентификатор ресурса (Uniform Resource Identifier) | http://vivaldi.nlr.ru/la700000397/cover |
| 856 #2 - МЕСТОНАХОЖДЕНИЕ ЭЛЕКТРОННЫХ РЕСУРОВ И ДОСТУП К НИМ | |
| Универсальный идентификатор ресурса (Uniform Resource Identifier) | http://vivaldi.nlr.ru/la700000397/text |
| 942 ## - ДОПОЛНИТЕЛЬНЫЕ ЭЛЕМЕНТЫ ЗАПИСИ (АБИС) | |
| Тип экземпляра АБИС | Визуальный материал |
| 945 ## - Информацию об издании предоставили: | |
| Полное название организации, предоставившей материал | Российская национальная библиотека |
| 980 ## - КОЛЛЕКЦИЯ | |
| Название коллекции | Национальная библиография |
| 980 ## - КОЛЛЕКЦИЯ | |
| Название коллекции | Библиография Победы |
| 980 3# - КОЛЛЕКЦИЯ | |
| Название коллекции | КП2019 Ленинград в Великой Отечественной войне |
| 980 3# - КОЛЛЕКЦИЯ | |
| Название коллекции | Книжные памятники РНБ |
| 981 37 - КОЛЛЕКЦИЯ ЭЛЕКТРОННОЙ БИБЛИОТЕКИ | |
| Название коллекции | Ленинград в Великой Отечественной войне |
| Название подколлекции | Афиши блокадного Ленинграда |
Нет доступных экземпляров.





